Vzory daňových podaní 111 praktických vzorov s komentárom

Guardado en:
Detalles Bibliográficos
Autor principal: Kostovčík, Eugen
Formato: Libro
Lenguaje:eslovaco
Publicado: Košice EkosAudit 1995
Edición:1. vyd.
Materias:
Etiquetas: Agregar Etiqueta
Sin Etiquetas, Sea el primero en etiquetar este registro!

MARC

LEADER 00000nam a2200000 4500
001 c013183
005 20221128074541.0
020 |a 80-901165-1-5 
041 0 |a slo 
044 |a SK 
245 1 0 |a Vzory daňových podaní  |b 111 praktických vzorov s komentárom  |c Eugen Kostovčík 
250 |a 1. vyd. 
264 1 |a Košice  |b EkosAudit  |c 1995 
300 |a 192 s. 
610 2 0 |a dane 
610 2 0 |a vzory 
610 2 0 |a komentáre 
610 2 0 |a podania súdne 
610 2 0 |a zákony 
610 2 0 |a Slovensko 
610 2 0 |a 1992 
100 1 |a Kostovčík, Eugen